<?xml version="1.0" encoding="UTF-8"?>
<collection xmlns="http://www.loc.gov/MARC21/slim">
 <record>
  <leader>04650cgm a2200769 c 4500</leader>
  <controlfield tag="001">366718878</controlfield>
  <controlfield tag="003">DE-627</controlfield>
  <controlfield tag="005">20250314125002.0</controlfield>
  <controlfield tag="006">m     s  | |      </controlfield>
  <controlfield tag="007">cd uuu---uuuuu</controlfield>
  <controlfield tag="008">030717s2003    gw ||| |      q   ||ger c</controlfield>
  <datafield tag="015" ind1=" " ind2=" ">
   <subfield code="a">03,A31,1149</subfield>
   <subfield code="2">dnb</subfield>
  </datafield>
  <datafield tag="016" ind1="7" ind2=" ">
   <subfield code="a">967930146</subfield>
   <subfield code="2">DE-101</subfield>
  </datafield>
  <datafield tag="020" ind1=" " ind2=" ">
   <subfield code="a">3927233854</subfield>
   <subfield code="9">3-927233-85-4</subfield>
  </datafield>
  <datafield tag="035" ind1=" " ind2=" ">
   <subfield code="a">(DE-627)366718878</subfield>
  </datafield>
  <datafield tag="035" ind1=" " ind2=" ">
   <subfield code="a">(DE-576)106791575</subfield>
  </datafield>
  <datafield tag="035" ind1=" " ind2=" ">
   <subfield code="a">(DE-599)DNB967930146</subfield>
  </datafield>
  <datafield tag="035" ind1=" " ind2=" ">
   <subfield code="a">(OCoLC)643691509</subfield>
  </datafield>
  <datafield tag="035" ind1=" " ind2=" ">
   <subfield code="a">(OCoLC)314210031</subfield>
  </datafield>
  <datafield tag="035" ind1=" " ind2=" ">
   <subfield code="a">(OCoLC)1078718557</subfield>
  </datafield>
  <datafield tag="040" ind1=" " ind2=" ">
   <subfield code="a">DE-627</subfield>
   <subfield code="b">ger</subfield>
   <subfield code="c">DE-627</subfield>
   <subfield code="e">rakwb</subfield>
  </datafield>
  <datafield tag="041" ind1=" " ind2=" ">
   <subfield code="a">ger</subfield>
  </datafield>
  <datafield tag="044" ind1=" " ind2=" ">
   <subfield code="c">XA-DE</subfield>
  </datafield>
  <datafield tag="084" ind1=" " ind2=" ">
   <subfield code="a">KU 208 OTT</subfield>
   <subfield code="2">sfb</subfield>
  </datafield>
  <datafield tag="084" ind1=" " ind2=" ">
   <subfield code="a">KU 366</subfield>
   <subfield code="2">sfb</subfield>
  </datafield>
  <datafield tag="084" ind1=" " ind2=" ">
   <subfield code="a">46</subfield>
   <subfield code="2">sdnb</subfield>
  </datafield>
  <datafield tag="084" ind1=" " ind2=" ">
   <subfield code="a">12</subfield>
   <subfield code="2">sdnb</subfield>
  </datafield>
  <datafield tag="084" ind1=" " ind2=" ">
   <subfield code="a">12</subfield>
   <subfield code="a">46</subfield>
   <subfield code="2">sdnb</subfield>
  </datafield>
  <datafield tag="084" ind1=" " ind2=" ">
   <subfield code="a">9,10</subfield>
   <subfield code="a">1</subfield>
   <subfield code="2">ssgn</subfield>
  </datafield>
  <datafield tag="084" ind1=" " ind2=" ">
   <subfield code="a">LK 58570</subfield>
   <subfield code="q">OBV</subfield>
   <subfield code="2">rvk</subfield>
   <subfield code="0">(DE-625)rvk/98012:</subfield>
  </datafield>
  <datafield tag="245" ind1="0" ind2="0">
   <subfield code="a">Himmel, Heilige, [Hyperlinks]</subfield>
   <subfield code="b">die barocke Bilderwelt - entschlüsselt in der Basilika Ottobeuren</subfield>
   <subfield code="c">Rupert M. Scheule; Johann Ev. Hafner</subfield>
  </datafield>
  <datafield tag="264" ind1=" " ind2="1">
   <subfield code="a">Augsburg</subfield>
   <subfield code="b">Haus der Bayerischen Geschichte</subfield>
   <subfield code="c">[2003?]</subfield>
  </datafield>
  <datafield tag="300" ind1=" " ind2=" ">
   <subfield code="a">1 CD-ROM</subfield>
   <subfield code="b">farb., mit Ton und Videosequenzen</subfield>
   <subfield code="c">12 cm</subfield>
   <subfield code="e">1 Beih. (19 S.)</subfield>
  </datafield>
  <datafield tag="336" ind1=" " ind2=" ">
   <subfield code="a">Text</subfield>
   <subfield code="b">txt</subfield>
   <subfield code="2">rdacontent</subfield>
  </datafield>
  <datafield tag="336" ind1=" " ind2=" ">
   <subfield code="a">unbewegtes Bild</subfield>
   <subfield code="b">sti</subfield>
   <subfield code="2">rdacontent</subfield>
  </datafield>
  <datafield tag="336" ind1=" " ind2=" ">
   <subfield code="a">zweidimensionales bewegtes Bild</subfield>
   <subfield code="b">tdi</subfield>
   <subfield code="2">rdacontent</subfield>
  </datafield>
  <datafield tag="337" ind1=" " ind2=" ">
   <subfield code="a">Computermedien</subfield>
   <subfield code="b">c</subfield>
   <subfield code="2">rdamedia</subfield>
  </datafield>
  <datafield tag="338" ind1=" " ind2=" ">
   <subfield code="a">Computerdisk</subfield>
   <subfield code="b">cd</subfield>
   <subfield code="2">rdacarrier</subfield>
  </datafield>
  <datafield tag="500" ind1=" " ind2=" ">
   <subfield code="a">Titel auf der Beil</subfield>
  </datafield>
  <datafield tag="538" ind1=" " ind2=" ">
   <subfield code="a">Systemvoraussetzungen: Windows: IBM-PC oder kompatibler PC, ab 350 MHz; Intel Pentium Prozessor; mindestens 64 MB Hauptspeicher; Windows 98, NT, 2000 oder XP; Soundkarte (Soundblaster-kompatibel). Macintosh oder MacOS-kompatibler PC: empfohlen: 180 MHz Power-PC mit mindestens 64 MB freier Arbeitsspeicher; MacOS 8.1 oder höher. Für beide Systeme: CD-ROM-Laufwerk (4fach-Laufwerk oder schneller empfohlen); Monitor mindestens 800 x 600 Pixel bei mindestens 32768 Farben.</subfield>
  </datafield>
  <datafield tag="538" ind1=" " ind2=" ">
   <subfield code="a">IBM-PC oder kompatibler PC, ab 350 MHz Intel-Pentium-Prozessor; mindestens 64 MB Hauptspeicher ; CD-ROM-Laufwerk (4fach-Laufwerk oder schneller empfohlen); Soundkarte (Soundblaster-kompatibel), Monitor mindestens 800 x 600 Pixel bei mindestens 32768 Farben; Windows 98, NT, 2000 oder XP;</subfield>
  </datafield>
  <datafield tag="583" ind1="1" ind2=" ">
   <subfield code="a">Archivierung/Langzeitarchivierung gewährleistet</subfield>
   <subfield code="f">SSG</subfield>
   <subfield code="x">XA-DE-BW</subfield>
   <subfield code="2">pdager</subfield>
   <subfield code="5">DE-16</subfield>
  </datafield>
  <datafield tag="655" ind1=" " ind2="7">
   <subfield code="a">Film</subfield>
   <subfield code="0">(DE-588)4017102-4</subfield>
   <subfield code="0">(DE-627)104559683</subfield>
   <subfield code="0">(DE-576)208918531</subfield>
   <subfield code="2">gnd-content</subfield>
  </datafield>
  <datafield tag="655" ind1=" " ind2="7">
   <subfield code="a">CD-ROM</subfield>
   <subfield code="0">(DE-588)4139307-7</subfield>
   <subfield code="0">(DE-627)105636290</subfield>
   <subfield code="0">(DE-576)209693312</subfield>
   <subfield code="2">gnd-carrier</subfield>
  </datafield>
  <datafield tag="689" ind1="0" ind2="0">
   <subfield code="d">g</subfield>
   <subfield code="0">(DE-588)4126200-1</subfield>
   <subfield code="0">(DE-627)105734179</subfield>
   <subfield code="0">(DE-576)209583088</subfield>
   <subfield code="a">Klosterkirche Ottobeuren</subfield>
   <subfield code="g">Ottobeuren</subfield>
   <subfield code="2">gnd</subfield>
  </datafield>
  <datafield tag="689" ind1="0" ind2="1">
   <subfield code="d">s</subfield>
   <subfield code="0">(DE-588)4138356-4</subfield>
   <subfield code="0">(DE-627)105643300</subfield>
   <subfield code="0">(DE-576)209685352</subfield>
   <subfield code="a">Ausstattung</subfield>
   <subfield code="2">gnd</subfield>
  </datafield>
  <datafield tag="689" ind1="0" ind2=" ">
   <subfield code="5">DE-101</subfield>
  </datafield>
  <datafield tag="689" ind1="1" ind2="0">
   <subfield code="d">g</subfield>
   <subfield code="0">(DE-588)4126200-1</subfield>
   <subfield code="0">(DE-627)105734179</subfield>
   <subfield code="0">(DE-576)209583088</subfield>
   <subfield code="a">Klosterkirche Ottobeuren</subfield>
   <subfield code="g">Ottobeuren</subfield>
   <subfield code="2">gnd</subfield>
  </datafield>
  <datafield tag="689" ind1="1" ind2="1">
   <subfield code="d">s</subfield>
   <subfield code="0">(DE-588)4011257-3</subfield>
   <subfield code="0">(DE-627)106353616</subfield>
   <subfield code="0">(DE-576)208892591</subfield>
   <subfield code="a">Deckenmalerei</subfield>
   <subfield code="2">gnd</subfield>
  </datafield>
  <datafield tag="689" ind1="1" ind2=" ">
   <subfield code="5">DE-101</subfield>
  </datafield>
  <datafield tag="700" ind1="1" ind2=" ">
   <subfield code="a">Scheule, Rupert M.</subfield>
   <subfield code="d">1969-</subfield>
   <subfield code="0">(DE-588)123476852</subfield>
   <subfield code="0">(DE-627)082577862</subfield>
   <subfield code="0">(DE-576)293725233</subfield>
   <subfield code="4">oth</subfield>
  </datafield>
  <datafield tag="700" ind1="1" ind2=" ">
   <subfield code="a">Hafner, Johann Ev.</subfield>
   <subfield code="d">1963-</subfield>
   <subfield code="0">(DE-588)120453789</subfield>
   <subfield code="0">(DE-627)080684343</subfield>
   <subfield code="0">(DE-576)176011609</subfield>
   <subfield code="4">oth</subfield>
  </datafield>
  <datafield tag="787" ind1="0" ind2="8">
   <subfield code="i">Rezension</subfield>
   <subfield code="a">Steinhauer, Eric W., 1971 - </subfield>
   <subfield code="t">[Rezension von: Himmel, Heilige, [Hyperlinks], die barocke Bilderwelt - entschlüsselt in der Basilika Ottobeuren, Rupert M. Scheule; Johann Ev. Hafner]</subfield>
   <subfield code="d">2004</subfield>
   <subfield code="w">(DE-627)502823720</subfield>
  </datafield>
  <datafield tag="787" ind1="0" ind2="8">
   <subfield code="i">Rezension</subfield>
   <subfield code="a">Steinhauer, Eric W., 1971 - </subfield>
   <subfield code="t">[Rezension von: Himmel, Heilige, [Hyperlinks], die barocke Bilderwelt - entschlüsselt in der Basilika Ottobeuren, Rupert M. Scheule; Johann Ev. Hafner]</subfield>
   <subfield code="d">2004</subfield>
   <subfield code="w">(DE-627)502805978</subfield>
  </datafield>
  <datafield tag="787" ind1="0" ind2="8">
   <subfield code="i">Rezensiert in</subfield>
   <subfield code="a">Simon, Holger</subfield>
   <subfield code="t">Schriften von Holger Simon ; 19: [Rezension von: Rupert M. Scheule, Johann Ev. Hafner, Himmel Heilige [Hyperlinks]]</subfield>
   <subfield code="d">Heidelberg : arthistoricum.net, 2021</subfield>
   <subfield code="h">1 Online-Ressource (4 Seiten)</subfield>
   <subfield code="w">(DE-627)1751605892</subfield>
  </datafield>
  <datafield tag="787" ind1="0" ind2="8">
   <subfield code="i">Rezensiert in</subfield>
   <subfield code="a">Simon, Holger</subfield>
   <subfield code="t">[Rezension von: Rupert M. Scheule / Johann Ev. Hafner, Himmel Heilige [Hyperlinks]]</subfield>
   <subfield code="d">2004</subfield>
   <subfield code="w">(DE-627)1919830197</subfield>
  </datafield>
  <datafield tag="856" ind1="4" ind2="2">
   <subfield code="u">https://swbplus.bsz-bw.de/bsz106791575rez.htm</subfield>
   <subfield code="m">V:DE-576</subfield>
   <subfield code="q">text/html</subfield>
   <subfield code="3">Rezension</subfield>
  </datafield>
  <datafield tag="935" ind1=" " ind2=" ">
   <subfield code="a">mteo</subfield>
  </datafield>
  <datafield tag="935" ind1=" " ind2=" ">
   <subfield code="c">vide</subfield>
  </datafield>
  <datafield tag="936" ind1="r" ind2="v">
   <subfield code="a">LK 58570</subfield>
   <subfield code="b">Ottobeuren</subfield>
   <subfield code="k">Kunstgeschichte</subfield>
   <subfield code="k">Kunst nach Ländern bzw. Kontinenten</subfield>
   <subfield code="k">Deutschland</subfield>
   <subfield code="k">Kunsttopografie Deutschlands</subfield>
   <subfield code="k">Orte Deutschlands</subfield>
   <subfield code="k">Orte O</subfield>
   <subfield code="k">Ottobeuren</subfield>
   <subfield code="0">(DE-627)1271299046</subfield>
   <subfield code="0">(DE-625)rvk/98012:</subfield>
   <subfield code="0">(DE-576)201299046</subfield>
  </datafield>
  <datafield tag="951" ind1=" " ind2=" ">
   <subfield code="a">BO</subfield>
  </datafield>
  <datafield tag="990" ind1=" " ind2=" ">
   <subfield code="a">Klosterkirche Ottobeuren</subfield>
  </datafield>
  <datafield tag="990" ind1=" " ind2=" ">
   <subfield code="a">Ausstattung</subfield>
  </datafield>
  <datafield tag="990" ind1=" " ind2=" ">
   <subfield code="a">Klosterkirche Ottobeuren</subfield>
  </datafield>
  <datafield tag="990" ind1=" " ind2=" ">
   <subfield code="a">Deckenmalerei</subfield>
  </datafield>
  <datafield tag="991" ind1=" " ind2=" ">
   <subfield code="a">Rezensiertes Werk</subfield>
  </datafield>
  <datafield tag="999" ind1=" " ind2=" ">
   <subfield code="a">KXP-PPN366718878</subfield>
   <subfield code="e">4263446534</subfield>
  </datafield>
 </record>
</collection>
